Famous People Named Steve - Statistics

General Stats
  • This quiz has been taken 16,600 times
    12,782 since last reset
  • The average score is 11 of 18
Answer Stats
Clue Answer % Correct
Apple founder who liked turtlenecks Steve Jobs
99%
Wheelchair-bound physicist Stephen Hawking
89%
"Jaws" director Steven Spielberg
85%
Brother of Alec, Daniel, and Billy Stephen Baldwin
79%
Author of "The Shining" Stephen King
79%
"The Crocodile Hunter" Steve Irwin
76%
He just called to say he loves you Stevie Wonder
71%
Aerosmith lead singer Steven Tyler
69%
Actor who was boss on "The Office" Steve Carell
63%
Fleetwood Mac singer Stevie Nicks
61%
Actor from "The Great Escape" and "Bullitt" Steve McQueen
55%
White-haired comedian and banjoist Steve Martin
48%
Martial arts star of "Under Siege" Steven Seagal
46%
Best three-point shooter of all-time Stephen Curry
37%
Hugh Laurie's partner in comedy Stephen Fry
37%
Sang "The Joker" Steve Miller
36%
"Police Academy" star Steve Guttenberg
32%
"The Father of Texas" Stephen F. Austin
29%
No matching quizzes found
Score Distribution
Percent of People with Each Score
Percentile by Number Answered
Your Score History
You have not taken this quiz since the last reset